Японская дипломатия в борьбе за источники энергетического сырья (70-80-е годы): [монография]

Bibliographic Details
Main Author: Богатуров А. Д. Алексей Демосфенович
Corporate Author: Академия наук СССР (АН СССР) Институт Дальнего Востока (ИДВ)
Language:Russian
Published: Москва, Наука, 1988
Subjects:
Format: MixedMaterials Book
KOHA link:https://koha.lib.tpu.ru/cgi-bin/koha/opac-detail.pl?biblionumber=126960

MARC

LEADER 00000nam0a2200000 4500
001 126960
005 20231031132045.0
035 |a (RuTPU)RU\TPU\book\137339 
090 |a 126960 
100 |a 20071206d1988 k y0rusy50 ca 
101 0 |a rus 
102 |a RU 
105 |a y z 001zy 
200 1 |a Японская дипломатия в борьбе за источники энергетического сырья (70-80-е годы)  |e [монография]  |f А. Д. Богатуров  |g Академия наук СССР (АН СССР), Институт Дальнего Востока (ИДВ) 
210 |a Москва  |c Наука  |d 1988 
215 |a 198 с. 
320 |a Библиогр.: с.186-194. 
610 1 |a Япония 
610 1 |a дипломатия 
610 1 |a энергетический кризис 
610 1 |a внешняя политика 
610 1 |a экономические связи 
686 |a Ф4(5Я)  |2 rubbk 
700 1 |a Богатуров  |b А. Д.  |g Алексей Демосфенович 
712 0 2 |a Академия наук СССР (АН СССР)  |b Институт Дальнего Востока (ИДВ)  |c (Москва)  |2 stltpush  |3 (RuTPU)RU\TPU\col\11572 
801 1 |a RU  |b 63413507  |c 20071206  |g PSBO 
801 2 |a RU  |b 63413507  |c 20080619  |g PSBO 
942 |c BK